Centro América 1981: un análisis económico y político de los cinco países
Interpreta los efectos de la inestabilidad institucional provocada por la violencia política residente en Guatemala - Hace un recuento de los acontecimientos políticos sucedidos a partir de 1963, incluyendo elecciones, golpes de estado, represión actividad de partidos, políticos sucedidos, actividad...
Gorde:
| Erakunde egilea: | |
|---|---|
| Formatua: | Texto |
| Argitaratua: |
Guatemala:
INFORPRESS
|
| Etiketak: |
Etiketa erantsi
Etiketarik gabe, Izan zaitez lehena erregistro honi etiketa jartzen!
|
MARC
| LEADER | 00000 a a2200000 04500 | ||
|---|---|---|---|
| 001 | 20511 | ||
| 003 | |||
| 040 | |a CRAI/IIS |c CRAI/IIS | ||
| 090 | |a 086103 | ||
| 110 | |a INFORPRESS Centroamericana | ||
| 245 | |a Centro América 1981: un análisis económico y político de los cinco países | ||
| 260 | |a Guatemala: |b INFORPRESS | ||
| 300 | |a p. irreg. | ||
| 520 | |a Interpreta los efectos de la inestabilidad institucional provocada por la violencia política residente en Guatemala - Hace un recuento de los acontecimientos políticos sucedidos a partir de 1963, incluyendo elecciones, golpes de estado, represión actividad de partidos, políticos sucedidos, actividades represivas y acción guerrillera y de organizaciones anticomunistas. Analiza la agudización de la lucha política violenta a partir de 1978, que incluye la matanza de indígenas (como la de Panzos), la posición de la iglesia en torno a los problemas del país, la modificación de las alianzas político electorales y la manifestación de las masas populares. Muestra el acercamiento de las organizaciones de izquierda, operado básicamente a partir de 1980 | ||
| 999 | |c 16171 |d 16171 | ||
